| 000 | 00801 a2200265 4500 | ||
|---|---|---|---|
| 003 | CBULib | ||
| 005 | 20240829132955.0 | ||
| 008 | 240829b |||||||| |||| 00| 0 eng d | ||
| 020 | _a9780275967093 | ||
| 040 |
_bEnglish _cCBULib _erda |
||
| 041 | _aeng | ||
| 050 | _aG 115 Bel | ||
| 100 | _aBell, Claudia | ||
| 245 |
_aThe accelerated sublime : landscape, tourism, and identity _c/ by Claudia Bell and John Lyall |
||
| 260 |
_bPraeger Publishers, _c2002 _aWestport : |
||
| 300 | _axvi, 211 pages : illustrations | ||
| 336 |
_2rdacontent _aText | _btxt |
||
| 337 |
_2rdamedia _aUnmediated | _bn |
||
| 338 |
_2rdacarrier _aVolume _bnc |
||
| 650 | 0 |
_93440 _aTOURISM |
|
| 650 | 0 |
_93489 _aLANDSCAPE |
|
| 650 | 0 |
_93490 _aNATIONAL CHARACTERISTICS |
|
| 700 |
_93491 _aLyall, John |
||
| 942 |
_2lcc _c002 |
||
| 999 |
_c85239 _d85239 |
||